00320nam a22001097a 4500082002800000100002200028245004200050260004800092300002500140526003700165650000800202 a658.15bBRAcL-27, P-84 aBarish, Norman N. aEconomic analysis/cBarish, Norman N. aNew York,bMcgraw-Hill book company.c1962. a729.:bill,;c15 cm. a0b0c0d658_150000000000000_BRA aMCE